Protocols and Acronyms of NETWORKING - Statistics

Statistiche generali
  • Questo quiz è stato fatto 34 volte
    17 dall'ultimo reset
  • Il punteggio medio è 33 su 50
Statistiche sulle risposte
Hint Risposta % Corretto
DNS Domain Name System
100%
FTP File Transfer Protocol
100%
HTTP Hyper-Text Transfer Protocol
100%
IP Internet Protocol
100%
LAN Local Area Network
100%
P2P Peer-To-Peer
100%
SMTP Simple Mail Transfer Protocol
100%
ARP Address Resolution Protocol
80%
DHCP Dynamic Host Configuration Protocol
80%
ICMP Internet Control Message Protocol
80%
ISPs Internet Service Providers
80%
MAC Media Access Control
80%
NAT Network Address Translator
80%
RTT Round Trip Time
80%
TTL Time to Live
80%
UDP User Datagram Protocol
80%
AIMD Additive Increase Multiplicative Decrease
60%
ARQ Automatic Repeat Request
60%
CSMA Carrier Sense Multiple Access
60%
CTS Clear to Send
60%
CWND Congestion Window
60%
CDN Content Distribution Network/content delivery network
60%
DASH Dynamic Adaptive Streaming over HTTP
60%
IMAP Internet Mail Access Protocol
60%
MSS Maximum Segment Size
60%
MIME Multipurpose Internet Mail Extension
60%
NIC Network interface card
60%
POP Post Office Protocol
60%
PCI Protocol Control Information
60%
PDU Protocol Data Unit
60%
RWND Receive Window
60%
RFC Request for Comments
60%
RTS Request to Send
60%
RRs Resource Records
60%
RIP Routing Information Protocol
60%
SSL/TLS Secure Socket Layer/Transport Layer Security
60%
SDU Service Data Unit
60%
SRTT Smoothed Round Trip Time
60%
TLD Top Level Domain
60%
URL Uniform Resource Locator
60%
WAP Wireless Access Point
60%
BGP Border Gateway Protocol
40%
CIDR Classless Interdomain Routing
40%
ESS Extended Service Set
40%
ICANN Internet Corporation for Assigned Names and Numbers
40%
OSPF Open Shortest Path First
40%
ISO/OSI Open Systems Interconnection
40%
RTO Retransmission Timeout
40%
TCP Transmission Control Protocol
40%
BSS Base Service Set/Basic Service Set
20%
Nessun quiz corrispondente trovato
Distribuzione punteggi
Percentuale di utenti per punteggio
Percentile per numero di risposta
I tuoi punteggi nel tempo
Non hai fatto questo quiz dall'ultimo reset